| 000 | 00742cam a22002531 4500 | ||
|---|---|---|---|
| 001 | he 65000526 | ||
| 003 | DLC | ||
| 005 | 20260227111429.0 | ||
| 008 | 840829s1964 is 000 0 heb | ||
| 010 | _ahe 65000526 | ||
| 035 | _a(OCoLC)19195621 | ||
| 040 |
_aDLC _cMH _dDLC |
||
| 042 | _apremarc | ||
| 050 | 0 | 0 |
_aD810.C4 _bL3 |
| 100 | 1 | _aLancman, Abram. | |
| 245 | 1 | 0 |
_aNeʻurim ba-derakhim : _b1939-1945. |
| 260 |
_aTel Aviv : _bBen Yosef, _c[1964] |
||
| 300 |
_a324 p. : _bill. ; _c23 cm. |
||
| 500 | _aAdded t.p.: Youth on the roads, 1939-1945. | ||
| 650 | 0 |
_aWorld War, 1939-1945 _xChildren. |
|
| 650 | 0 |
_aWorld War, 1939-1945 _xJews. |
|
| 650 | 0 |
_aWorld War, 1939-1945 _xPersonal narratives, Jewish. |
|
| 752 |
_aIsrael _dTel Aviv |
||
| 999 |
_c31042 _d31042 |
||